00357nam a2200157Ia 4500003000400000005001700004008004000021040000700061041001200068082001700080100001900097245001900116260004200135300001100177650001100188OSt20230307145741.0210210b2006 xxu||||| |||| 00| 0 eng d cAL aEnglish a338.954 LOBI aLOBO (Norbert) aIndian economy aMangalorebMangala publicationsc2006 avi,282 aIII BA